000 00689nam a22002417a 4500
005 20170124110028.0
010 _aA-117772
020 _c00.00
035 _aA-117772
037 _bCen Lib/Ret
040 _aDPL
_bEN
082 _a541
_bADA
100 _aAdam, Neil Kensington
_921042
245 _aThe physics and chemistry of surfaces /
_cby Neil Kensington Adam
250 _a3rd ed.
260 _bOxford University Press
_c1938
_aLondon
270 _bNew York
_aAmen House, E.C..4
300 _axii, 436p. :
_c21cm(Hb)
_bill.
500 _aIncludes index
650 _aMolecular theory.
_921043
650 _aSurfaces.
_921044
942 _2ddc
_cEN
_h541
_mADA
999 _c127625
_d127625